| 000 | 00546nam a22001937a 4500 | ||
|---|---|---|---|
| 003 | KOHA_MİRAKIL | ||
| 005 | 20250929091648.0 | ||
| 008 | 250929b tu ||||| |||| 00| 0 tur d | ||
| 020 | _a9786053609957 | ||
| 040 |
_aTR-AnABB _btur _cTR-AnABB |
||
| 041 | _atur | ||
| 082 |
_a818.42 _bAKI 2014 |
||
| 100 | 1 | _aAkın, Sunay, | |
| 245 | 1 | 0 |
_aGeyikli park / _cSunay Akın |
| 260 |
_aİstanbul : _bTürkiye İş Bankası Kültür Yayınları, _c2014 |
||
| 300 |
_a254 sayfa ; _c21 cm |
||
| 650 | 0 | 4 | _aTürk edebiyatı, roman |
| 942 |
_2ddc _cBK |
||
| 999 |
_c8944 _d8944 |
||
| 900 | _bGizem YORULMAZ | ||